00787nam a2200229Ia 450000500170000000800410001702000150005804000550007304100080012810000220013624500670015826000390022530000180026449000510028250000740033350400410040765000160044865000350046465000250049965000170052465000160054120210804101028.0130821s1988 sp gr spa  a8475094872 aCo-BoUCMbspacDeissy Garcia (modificó)d[Nuevo]00aspa1 aWertsch, James V.10aVygotsky y la formación social de la mentecJames V. Wertsch aBarcelona (España)bPaidosc1988 a259 páginas aBiblioteca Cognición y Desarrollo Humanov17 aBibliografía Básica - Escuela de Medicina y Ciencias de la Salud  aIncluye referencias bibliográficas04aCognición04aCogniciónvAspectos sociales04aPsicolingüística04aPsicología04aSemiótica